La fin du monde / (Record no. 54252)

MARC details
000 -LEADER
campo de control de longitud fija 00736nam a2200217 i 4500
001 - NÚMERO DE CONTROL
campo de control 54252
003 - IDENTIFICADOR DE NÚMERO DE CONTROL
campo de control ES-MaACL
005 - FECHA Y HORA DE LA ÚLTIMA TRANSACCIÓN
campo de control 20250721143716.0
007 - CAMPO FIJO DE DESCRIPCIÓN FÍSICA--INFORMACIÓN GENERAL
campo de control de longitud fija t|
008 - DATOS DE LONGITUD FIJA--INFORMACIÓN GENERAL
campo de control de longitud fija 960716s1894 fr ||||1| fre d
040 ## - FUENTE DE CATALOGACIÓN
Centro catalogador/agencia de origen CAM
Lengua de catalogación spa
Centro/agencia transcriptor CAM
100 1# - ENTRADA PRINCIPAL--NOMBRE DE PERSONA
Nombre de persona Flammarion, Camille,
Fechas asociadas al nombre 1842-1925
9 (RLIN) 51110
245 13 - MENCIÓN DEL TÍTULO
Título La fin du monde /
Mención de responsabilidad, etc. Camille Flammarion ; illustrations par Jean-Paul Laurens ... [et al.] ; gravure par Méaulle.
260 ## - PUBLICACIÓN, DISTRIBUCIÓN, ETC.
Lugar de publicación, distribución, etc. Paris :
Nombre del editor, distribuidor, etc. Ernest Flammarion,
Fecha de publicación, distribución, etc. 1894.
300 ## - DESCRIPCIÓN FÍSICA
Extensión [6], 385, [2] p. :
Otras características físicas il. ;
Dimensiones 24 cm.
650 07 - PUNTO DE ACCESO ADICIONAL DE MATERIA--TÉRMINO DE MATERIA
Término de materia o nombre geográfico como elemento de entrada Fin del mundo
Fuente del encabezamiento o término embne
9 (RLIN) 12869
700 0# - ENTRADA AGREGADA--NOMBRE PERSONAL
Nombre de persona Laurens, Jean-Paul.
9 (RLIN) 70619
700 1# - ENTRADA AGREGADA--NOMBRE PERSONAL
Nombre de persona Méaulle, Fortuné Louis,
Fechas asociadas al nombre 1844-1901
9 (RLIN) 79640
852 ## - LOCALIZACIÓN
Ubicación ES-MaACL
Número de control de estantería G-11887
Holdings
Estatus retirado Estado de pérdida Estado de daño No para préstamo Colección Biblioteca de origen Biblioteca actual Ubicación en estantería Fecha de adquisición Fuente de adquisición Total de préstamos Signatura topográfica completa Código de barras Visto por última vez Precio de reemplazo Tipo de ítem Koha
        Libros del s. XIX Biblioteca del Ateneo de Madrid Biblioteca del Ateneo de Madrid Sala Pecera Planta 3 17/01/2008     G-11887 1057012 23/02/2023 23/02/2023 Libro impreso antiguo